Größter Exportpartner pro Land - Statistiken

Allgemein
  • Dieses Quiz wurde 129 mal gespielt
  • Das Durchschnittsergebnis liegt bei 29 aus 45
Antwortstatistiken
Land Größter Exportpartner % Korrekt
37 Länder China
100%
Armenien, Belarus, Litauen, Kirgisistan Russland
99%
40 Länder Vereinigte Staaten
99%
22 Länder Deutschland
96%
Argentinien, Paraguay Brasilien
95%
Albanien, Algerien, Aserbaidschan, Eritrea, Griechenland, Libyen, San Marino Italien
95%
Andorra, Kap Verde, Marokko, Portugal Spanien
94%
Madagaskar, Seychellen, Spanien, Tunesien Frankreich
91%
Papua-Neuguinea Australien
90%
Afghanistan, Komoren, Guinea-Bissau, Nepal, Nigeria Indien
89%
Kuba, Vereinigte Staaten Kanada
89%
Belize, Norwegen Vereinigtes Königreich
89%
Katar, Kiribati, Palau Japan
87%
Ägypten Türkei
87%
Bahrain, Kuwait, Somalia, Vereinigte Arabische Emirate, Jemen Saudi-Arabien
84%
Schweden Norwegen
83%
Eswatini, Lesotho, Mali, Mauritius, Mosambik, Simbabwe Südafrika
82%
Montenegro Serbien
81%
Estland Finnland
76%
Osttimor Indonesien
71%
Moldawien Rumänien
71%
Samoa, Tonga Neuseeland
70%
Laos, Malediven, Nauru Thailand
66%
Lettland Litauen
64%
Marshallinseln Dänemark
63%
Kroatien Slowenien
57%
12 Länder Vereinigte Arabische Emirate
57%
Syrien Irak
56%
Island, Elfenbeinküste, São Tomé & Principe Niederlande
56%
Ruanda Demokratische Republik Kongo
54%
Kosovo Albanien
49%
Vanuatu Malaysia
49%
Burkina Faso, Libanon, Tadschikistan, Sambia Schweiz
47%
Malawi Belgien
41%
Brunei Singapur
41%
Benin Bangladesch
39%
Gambia Senegal
36%
Dschibuti Äthiopien
34%
Äthiopien Somalia
28%
Senegal Mali
26%
Liberia Elfenbeinküste
24%
Kenia Uganda
21%
Zypern Libanon
12%
Togo Burkina Faso
11%
Dominica St. Kitts & Nevis
7%
Keine übereinstimmenden Quizze gefunden
Verteilung der Resultate
Anzahl Personen mit jedem Resultat
Perzentil nach korrekt beantworteten Fragen
Ihre Resultats-Entwicklung
Sie haben dieses Quiz noch nicht gespielt